000
00429nam a2200145Ia 4500
008
090122s9999 xx 000 0 und d
082
_b
8314
_a
920.71
100
_a
वागळे
_b
वि
_c
द
245
_a
काटेरी फुलोरा
600
_a
वागळे
630
_a
काटेरी फुलोरा
700
_a
वागळे
730
_a
काटेरी फुलोरा
942
_c
BOOK
999
_c
32391
_d
32391